000 00441 a2200145 4500
999 _c3666
_d3666
020 _a9789380014371
050 _aPN4775 KUM 2010
100 _aKumar, Deepak
_eauthor
245 _aJournalism and information technology :
_cDeepak Kumar
264 _aNew Delhi :
_bSurendra Publications,
_c2010
300 _a246 p . :
500 _aincludes bibliographical reference and indexes.
650 _aJournalism.
942 _2lcc
_cBK
_h4775
_iKUM
_kPN